Datum a čas kvízu
34.5
Celkem bodů
Celkový počet nahraných bodů na tomto kvízu bez doplňovacích otázek.
5.
Pořadí na kvízu
Konečné umístění týmu na tomto kvízu.
Zaznamenané odpovědi
| # | Otázka | Odpověď | Body | Výsledky |
|---|---|---|---|---|
| 1. | Armáda České republiky spustil... | hodnost vraníka | 0 | |
| 2. | V okolí londýnské stanice metr... | Burberry | 1 | |
| 3. | Českých sci-fi filmů nebývá ka... | Bod obnovy | 1 | |
| 4. | V pondělí byla slavnostně zahá... | až 13 000 návštěvníků | 0 | |
| 5. | Který český prvoligový fotbalo... | Viktoria Plzeň | 0 | |
| 6. | O jednom z šílenců na trůně ří... | Caligula | 1 | |
| 7. | Salvador Dalí coby extravagant... | o mravenečníka | 1 | |
| 8. | Dokážete přiřadit následující... | 1A 2B 3D 4C | 1 | |
| 9. | Jak se jmenuje kočka na obrázk... | Micka | 1 | |
| 10. | Astronom konce 16. století cho... | Tycho Brahe | 1 |